[Event "Druzynowe Mistrzostwa Polski Juniorow 2019 - II Liga"]
[Site "Szczyrk"]
[Date "1899-12-30"]
[Round "10.80"]
[White "Chaczynski, Kamil"]
[Black "Kozubek, Krystian"]
[Result "1-0"]
[WhiteTitle "I"]
[BlackTitle "II+"]
[WhiteElo "1738"]
[BlackElo "1443"]

1. e4 c6 2. d4 d5 3. Nc3 dxe4 4. Nxe4 Bf5 5. Ng3 Bg6 6. Nh3 Nf6 7. c3 Nbd7 8. Bc4
Nb6 9. Bb3 Qd7 10. Nf4 Nbd5 11. O-O Nxf4 12. Bxf4 Nd5 13. Bd2 e6 14. Re1 O-O-O
15. Qf3 Kb8 16. Rad1 Ka8 17. c4 Nc7 18. Ba5 Bd6 19. Ba4 Qc8 20. Ne4 Bxe4 21. Qxe4
f5 22. Qf3 Kb8 23. Rd3 a6 24. Rb3 Ka7 25. Bb6+ Ka8 26. Bxc6 bxc6 27. Qxc6+ Qb7
28. Qa4 Qc8 29. c5 Bf4 30. g3 Bg5 31. Bxc7 Qxc7 32. Qxa6+ Qa7 33. Qc6+ 1-0

[Event "Druzynowe Mistrzostwa Polski Juniorow 2019 - II Liga"]
[Site "Szczyrk"]
[Date "1899-12-30"]
[Round "10.81"]
[White "Gradalski, Olaf"]
[Black "Skrzypinski, Jan"]
[Result "1/2-1/2"]
[WhiteTitle "II"]
[BlackTitle "I"]
[WhiteElo "1442"]
[BlackElo "1400"]

1. e4 e5 2. Nf3 Nc6 3. Bc4 Bc5 4. c3 Nf6 5. d4 exd4 6. cxd4 Bb4+ 7. Bd2 Bxd2+ 8.
Nbxd2 d5 9. exd5 Nxd5 10. O-O O-O 11. Ne5 Nxe5 12. dxe5 Nf4 13. Nf3 Bg4 14. Qb3
c6 15. Rad1 Qe7 16. Rd4 Bxf3 17. Qxf3 Ng6 18. e6 fxe6 19. Qb3 Rae8 20. Rfd1 b5
21. Bf1 Qf6 22. Qe3 Ne7 23. R4d2 a6 24. Qb6 Rf7 25. Rd8 Ref8 26. Rxf8+ Rxf8 27.
Rd2 Qf4 28. Re2 e5 29. Qxa6 e4 30. Qa3 Nd5 31. g3 Qf6 32. Bg2 Qd4 33. Qb3 Re8
34. Qc2 Nb4 35. Qb3+ Nd5 36. Qc2 Nb4 37. Qb3+ Nd5 1/2-1/2

[Event "Druzynowe Mistrzostwa Polski Juniorow 2019 - II Liga"]
[Site "Szczyrk"]
[Date "1899-12-30"]
[Round "10.82"]
[White "Kaczmarek, Jan"]
[Black "Raba, Bartosz"]
[Result "0-1"]
[WhiteTitle "II"]
[BlackTitle "II"]
[WhiteElo "1000"]
[BlackElo "1373"]

1. d4 Nf6 2. c4 c5 3. d5 e6 4. Nc3 exd5 5. cxd5 d6 6. e4 g6 7. Nf3 Bg7 8. Be2 O-O
9. O-O a6 10. a4 Re8 11. Qc2 Nbd7 12. Re1 Qc7 13. Nd2 Nf8 14. Nc4 N6d7 15. Bf4
Ne5 16. h3 Nfd7 17. Bh2 Nxc4 18. Bxc4 Rb8 19. Re3 Bd4 20. Re2 Ne5 21. Qb3 Bd7
22. Rc2 Nxc4 23. Qxc4 b5 24. axb5 axb5 25. Qd3 f5 26. Re1 b4 27. Nb1 b3 28. Rd2
fxe4 29. Rxe4 Bf5 30. Rxe8+ Rxe8 31. Qf1 Qe7 32. g4 Bc2 33. Na3 Qe1 34. Bf4 Qe4
35. Bxd6 Bxb2 36. Bxc5 Bc3 37. Nxc2 Bxd2 38. Na3 Qxd5 39. Be3 Bxe3 40. fxe3 Rxe3
41. Qc4 Qxc4 42. Nxc4 Rc3 43. Nd2 b2 0-1

[Event "Druzynowe Mistrzostwa Polski Juniorow 2019 - II Liga"]
[Site "Szczyrk"]
[Date "1899-12-30"]
[Round "10.83"]
[White "Gredka, Dominika"]
[Black "Niemier, Martyna"]
[Result "1-0"]
[WhiteTitle "I++"]
[BlackTitle "II"]
[WhiteElo "1658"]
[BlackElo "1163"]

1. e4 e5 2. Nf3 Nf6 3. d3 d6 4. Be2 Be7 5. O-O O-O 6. c3 c5 7. Qc2 Nc6 8. h3 h6
9. Be3 Be6 10. Rd1 Qb6 11. Nbd2 Rfd8 12. Nf1 Qc7 13. Ng3 a6 14. Nd2 b5 15. f4
exf4 16. Bxf4 Qb6 17. Nf3 b4 18. c4 a5 19. Rf1 a4 20. Qd2 b3 21. a3 Qa5 22. Qc1
Kh7 23. Bd2 Qc7 24. Qe1 Rf8 25. Bc3 Rae8 26. Qf2 Kg8 27. Rae1 Kh8 28. Bd1 Kg8
29. Ne2 Nh5 30. g4 Nf6 31. Ng3 Qd8 32. Nf5 Bxf5 33. exf5 Nh7 34. Qg2 Bf6 35. Bxf6
Qxf6 36. Qf2 Ng5 37. Nxg5 Qxg5 38. Qg3 Qf6 39. Bf3 Qd4+ 40. Qf2 Rxe1 41. Rxe1
Ne5 42. Be4 Qxf2+ 43. Kxf2 g6 44. Ke3 Re8 45. Rf1 Kg7 46. Rg1 g5 47. Rc1 f6 48.
Kd2 Rc8 49. Re1 Kf8 50. Kc3 Ke7 51. Bd5 Rb8 52. Bc6 Kd8 53. Bxa4 Kc7 54. Re3 Kb6
55. Bxb3 Ka5 56. Bd1 Rb6 57. Re2 Rb8 58. b4+ cxb4+ 59. axb4+ Kb6 60. d4 Nc6 61.
b5 Na5 62. Kb4 Nb7 63. Re6 Ka7 64. Bf3 Rc8 65. Re7 d5 66. Bxd5 h5 67. Rxb7+ Ka8
68. Rc7+ Kb8 69. Rxc8+ Kxc8 70. c5 h4 71. b6 Kb8 72. c6 Ka8 73. c7# 1-0

[Event "Druzynowe Mistrzostwa Polski Juniorow 2019 - II Liga"]
[Site "Szczyrk"]
[Date "1899-12-30"]
[Round "10.84"]
[White "Gac-mytych, Sara"]
[Black "Wiecek, Karolina"]
[Result "0-1"]
[WhiteTitle "II"]
[BlackTitle "II+"]
[WhiteElo "1043"]
[BlackElo "1189"]

1. e4 e5 2. Nf3 Nf6 3. Nc3 Bb4 4. d4 exd4 5. Nxd4 Bxc3+ 6. bxc3 Nxe4 7. Ba3 d6
8. Qe2 Qe7 9. Nb5 Na6 10. f3 Nf6 11. Qxe7+ Kxe7 12. Bd3 Be6 13. O-O Kd7 14. Rfe1
Rhe8 15. Nd4 Nc5 16. Nxe6 Nxe6 17. Rad1 a6 18. Bf5 g6 19. Bh3 Kc6 20. c4 Nf4 21.
Bg4 Nxg4 22. fxg4 Ne2+ 23. Kh1 Nc3 24. Ra1 Re4 25. Rxe4 Nxe4 26. Re1 Nf2+ 27.
Kg1 Nxg4 28. Re7 Ne5 29. Bb2 Nxc4 30. Bc1 Ne5 31. Bf4 Rd8 32. Bg5 Rd7 33. Re8
f5 34. Bf6 Kd5 35. Rb8 b6 36. Ra8 a5 37. Kf2 Ng4+ 38. Kf3 Nxf6 39. Ke3 Ng4+ 40.
Kd3 Nxh2 41. c4+ Kc5 42. a3 d5 43. cxd5 Rxd5+ 44. Kc3 Ng4 45. Ra7 Kc6 46. Kc4
Ne3+ 47. Kc3 Nxg2 48. Kc4 f4 49. Ra8 Rf5 50. Kd3 f3 0-1

[Event "Druzynowe Mistrzostwa Polski Juniorow 2019 - II Liga"]
[Site "Szczyrk"]
[Date "1899-12-30"]
[Round "10.85"]
[White "Kijkowski, Michal"]
[Black "Burzak, Wojciech"]
[Result "1-0"]
[WhiteTitle "I"]
[BlackTitle "I"]
[WhiteElo "1789"]
[BlackElo "1705"]

1. e4 c5 2. Nf3 e6 3. d3 Nc6 4. Qe2 d6 5. g3 g6 6. Bg2 Bg7 7. O-O Nge7 8. h4 h6
9. c3 Rb8 10. Nbd2 b5 11. Nh2 b4 12. c4 Nd4 13. Qd1 Qa5 14. Ndf3 Nec6 15. Nxd4
Nxd4 16. Nf3 Bd7 17. Nxd4 Bxd4 18. Qe2 Qd8 19. Bf4 Qe7 20. e5 dxe5 21. Bxe5 Bxe5
22. Qxe5 O-O 23. a3 Ba4 24. d4 cxd4 25. Qxd4 Rfc8 26. Rfc1 Qc5 27. Qd2 h5 28.
Bf1 Rd8 29. axb4 Qxb4 30. Qxb4 Rxb4 31. c5 Rc8 32. Rc4 Rxc4 33. Bxc4 Bc2 34. b4
Rc7 35. Bf1 Kf8 36. Rc1 Be4 37. b5 Ke7 38. c6 Kd6 39. f4 Re7 40. Kf2 Kc7 41. Ke3
Bd5 42. Kd4 Re8 43. Kc5 Be4 44. Ra1 Ra8 45. Rxa7+ Rxa7 46. b6+ Kb8 47. bxa7+ 1-0

[Event "Druzynowe Mistrzostwa Polski Juniorow 2019 - II Liga"]
[Site "Szczyrk"]
[Date "1899-12-30"]
[Round "10.86"]
[White "Skowron, Mateusz"]
[Black "Budny, Piotr"]
[Result "1-0"]
[WhiteTitle "I"]
[BlackTitle "II"]
[WhiteElo "1594"]
[BlackElo "1426"]

1. e4 e6 2. d4 d5 3. Nd2 Nf6 4. e5 Nfd7 5. Bd3 c5 6. c3 b6 7. Ne2 Ba6 8. Bb1 Nc6
9. Nf3 b5 10. O-O c4 11. Nf4 Qe7 12. Ng5 O-O-O 13. Qg4 Re8 14. Nxh7 g6 15. Ng5
Bh6 16. Nfh3 Rhf8 17. Nxf7 Bxc1 18. Nd6+ Kb8 19. Rxc1 Rd8 20. f4 b4 21. Ng5 bxc3
22. bxc3 Nb6 23. Nxe6 1-0

[Event "Druzynowe Mistrzostwa Polski Juniorow 2019 - II Liga"]
[Site "Szczyrk"]
[Date "1899-12-30"]
[Round "10.87"]
[White "Nawalaniec, Adam"]
[Black "Celebias, Filip"]
[Result "1/2-1/2"]
[WhiteTitle "II"]
[BlackTitle "II"]
[WhiteElo "1318"]
[BlackElo "1380"]

1. e4 c5 2. Nf3 e6 3. d4 cxd4 4. Nxd4 a6 5. c4 Nf6 6. Nc3 Bb4 7. Qc2 Qc7 8. Bd2
Nc6 9. Nf3 O-O 10. Bd3 b6 11. a3 Be7 12. O-O Bb7 13. Rfe1 d6 14. Nd5 exd5 15.
cxd5 Rfc8 16. Rac1 Qb8 17. dxc6 Bxc6 18. Qb1 Ng4 19. h3 Ne5 20. Nxe5 dxe5 21.
Qa2 Qb7 22. f3 Rd8 23. Rc3 Bc5+ 24. Be3 Bxe3+ 25. Rxe3 Rd4 26. Qb3 Ba4 27. Qa2
Rad8 28. b3 Bd7 29. Qc2 Be6 30. Rc7 Qa8 31. Qc3 b5 32. Qc2 Qb8 33. Rc6 R8d6 34.
Rxd6 Qxd6 35. b4 g6 36. Kf2 Bc4 37. Ke2 Be6 38. Qb2 f5 39. exf5 gxf5 40. Qc2 f4
41. Bxh7+ Kh8 42. Re4 Bc4+ 43. Ke1 Rd5 44. Re2 Bxe2 45. Kxe2 Rd4 46. Be4 Rc4 47.
Qd3 Qe7 48. Bd5 Rd4 49. Qb3 Qg7 50. g4 fxg3 51. Qc3 Rxd5 52. Qc8+ Qg8 53. Qc6
Rd4 54. Qh6+ Qh7 55. Qf8+ Qg8 1/2-1/2

[Event "Druzynowe Mistrzostwa Polski Juniorow 2019 - II Liga"]
[Site "Szczyrk"]
[Date "1899-12-30"]
[Round "10.88"]
[White "Grodzicki, Piotr"]
[Black "Klim, Juliusz"]
[Result "1/2-1/2"]
[WhiteTitle "II"]
[BlackTitle "II"]
[WhiteElo "1204"]
[BlackElo "1220"]

1. Nf3 d5 2. b3 Nf6 3. Bb2 Bg4 4. e3 Nbd7 5. Be2 e6 6. d3 Bd6 7. Nbd2 O-O 8. O-O
e5 9. e4 d4 10. Nxd4 exd4 11. Bxg4 Nxg4 12. Qxg4 Ne5 13. Qd1 c5 14. Nc4 Nxc4 15.
bxc4 f5 16. exf5 Rxf5 17. g3 Qg5 18. Bc1 Qg6 19. Kh1 Raf8 20. f4 Rh5 21. Qf3 Qh6
22. Qg2 Kh8 23. Bd2 Rh3 24. Rae1 Qh5 25. Kg1 b6 26. Rf3 Rxh2 27. Qxh2 Qxf3 28.
Qg2 Qxg2+ 29. Kxg2 g6 30. Re6 Rd8 31. Kf3 Kg7 32. g4 Rd7 33. c3 Kf7 34. f5 Bb8
35. Ke4 Bh2 36. Be1 Bb8 37. Bd2 Bh2 38. Be1 Bb8 1/2-1/2

[Event "Druzynowe Mistrzostwa Polski Juniorow 2019 - II Liga"]
[Site "Szczyrk"]
[Date "1899-12-30"]
[Round "10.89"]
[White "Michalska, Aleksandra"]
[Black "Mytnik, Kinga"]
[Result "1/2-1/2"]
[WhiteTitle "I++"]
[BlackTitle "I"]
[WhiteElo "1741"]
[BlackElo "1604"]

1. e4 d6 2. d4 Nf6 3. Nc3 Nbd7 4. Nf3 e5 5. dxe5 dxe5 6. a3 c6 7. Bc4 Be7 8. O-O
Qc7 9. Bg5 h6 10. Bh4 Nf8 11. Qd3 g5 12. Bg3 Ng6 13. Nd1 Nf4 14. Qb3 Bd6 15. Re1
b5 16. Bf1 N4h5 17. c4 Be6 18. Qc2 Nxg3 19. hxg3 a6 20. Rc1 Rc8 21. a4 Bb4 22.
Re3 Bc5 23. Re1 b4 24. Ne3 Ng4 25. Nxg4 Bxg4 26. Nh2 Be6 27. Be2 h5 28. Nf3 f6
29. Nd2 Qa7 30. Rf1 h4 31. g4 Qf7 32. Nb3 Bb6 33. Qd3 Rd8 34. Qf3 c5 35. Na1 O-O
36. b3 Rd2 37. Rfd1 Rfd8 38. Nc2 Kg7 39. Ne3 Rxd1+ 40. Rxd1 Rxd1+ 41. Bxd1 Qd7
42. Nd5 Bd8 1/2-1/2

[Event "Druzynowe Mistrzostwa Polski Juniorow 2019 - II Liga"]
[Site "Szczyrk"]
[Date "1899-12-30"]
[Round "10.90"]
[White "Skwarczynska, Beata"]
[Black "Dzierzgowska, Jagoda"]
[Result "0-1"]
[WhiteTitle "II"]
[BlackTitle "II+"]
[WhiteElo "1000"]
[BlackElo "1000"]

1. e4 e6 2. d4 d5 3. e5 c5 4. c3 Nc6 5. Nf3 Qb6 6. Be2 Nge7 7. Na3 a6 8. Nc2 Nf5
9. O-O Bd7 10. b3 Be7 11. Bb2 O-O 12. Qd2 a5 13. Qf4 a4 14. Nd2 axb3 15. axb3
h6 16. Rfd1 Bg5 17. Qg4 Bxd2 18. Rxd2 cxd4 19. cxd4 Rfc8 20. Rxa8 Rxa8 21. Rd3
Ra2 22. Ba3 Rxc2 23. Bc5 Qa5 24. Rd1 Rb2 25. Qf3 b6 26. Bd6 Ncxd4 27. Qg4 Nxe2+
28. Kf1 Qb5 29. Ke1 Nc3 30. Rc1 Re2+ 0-1

[Event "Druzynowe Mistrzostwa Polski Juniorow 2019 - II Liga"]
[Site "Szczyrk"]
[Date "1899-12-30"]
[Round "10.91"]
[White "Strzelecki, Maciej"]
[Black "Drozdzal, Michal"]
[Result "1-0"]
[WhiteTitle "k"]
[BlackTitle "II+"]
[WhiteElo "1955"]
[BlackElo "1447"]

1. e4 e5 2. Nf3 Nc6 3. Bb5 f5 4. d3 fxe4 5. dxe4 Nf6 6. O-O Bc5 7. Bxc6 bxc6 8.
Nxe5 O-O 9. Nc3 Re8 10. Nd3 Bd4 11. e5 Bxe5 12. Nxe5 Rxe5 13. Qd4 Re8 14. Bg5
d5 15. Rfe1 Rf8 16. Na4 Qd6 17. Bf4 Qd8 18. Bg5 Qd6 19. f3 Bf5 20. Bf4 Qd8 21.
Nc5 Rb8 22. Na6 Rb7 23. Nc5 Rb8 24. Re2 a5 25. c3 Nd7 26. Nb3 Rb5 27. Rae1 Qf6
28. Bxc7 Qg6 29. Qh4 Bc2 30. Nd4 Rxb2 31. Qf2 Rb7 32. Re6 Nf6 33. Bd6 Bf5 34.
Nxf5 Qxf5 35. Bxf8 Kxf8 36. Rxc6 h5 37. Rb6 Rc7 38. Qe3 g5 39. Qe5 Qxe5 40. Rxe5
Nd7 41. Rf5+ Ke7 42. Rb5 Rxc3 43. Rbxd5 a4 44. Rd2 Nb6 45. Rxg5 Nc4 46. Rd4 Rc2
47. Rc5 1-0

[Event "Druzynowe Mistrzostwa Polski Juniorow 2019 - II Liga"]
[Site "Szczyrk"]
[Date "1899-12-30"]
[Round "10.92"]
[White "Tomkiewicz, Jakub"]
[Black "Guzik, Natalia"]
[Result "1/2-1/2"]
[WhiteTitle "II"]
[BlackTitle "I++"]
[WhiteElo "1270"]
[BlackElo "1638"]

1. f4 c5 2. e4 g6 3. Nf3 Bg7 4. c3 d5 5. Bb5+ Bd7 6. Bxd7+ Qxd7 7. e5 e6 8. g3
Ne7 9. O-O Nbc6 10. Na3 d4 11. Nc4 O-O 12. Qe2 d3 13. Qg2 Nc8 14. Ne3 f6 15. exf6
Bxf6 16. b3 Nd6 17. Ba3 b6 18. Ng4 Bg7 19. Nfe5 Nxe5 20. Nxe5 Bxe5 21. fxe5 Nf7
22. Rae1 Qc7 23. Qe4 Ng5 24. Qe3 Rxf1+ 25. Rxf1 Nf7 26. Re1 Rd8 27. c4 Qe7 28.
Bb2 Rd7 29. Rf1 Nd8 30. Rf3 Nc6 31. Bc3 Rd8 32. Kg2 a6 33. Qe4 Qd7 34. Qe3 Ne7
35. g4 Nc6 36. h3 Qe7 37. Qe4 Qd7 38. Qe3 Qe7 39. Qe4 Qd7 40. Qe3 Qe7 41. Qe4
1/2-1/2

[Event "Druzynowe Mistrzostwa Polski Juniorow 2019 - II Liga"]
[Site "Szczyrk"]
[Date "1899-12-30"]
[Round "10.93"]
[White "Wojtasik, Szymon"]
[Black "Futyma, Dawid"]
[Result "0-1"]
[WhiteTitle "II"]
[BlackTitle "II"]
[WhiteElo "1511"]
[BlackElo "1073"]

1. e4 c6 2. d4 d5 3. exd5 cxd5 4. Bd3 Nc6 5. c3 Nf6 6. Bf4 e6 7. Nf3 Be7 8. Ne5
O-O 9. Nd2 Nxe5 10. dxe5 Nd7 11. Qg4 Re8 12. h4 Qc7 13. Qg3 g6 14. h5 g5 15. h6
Kh8 16. Nf3 Rg8 17. Nxg5 Bxg5 18. O-O-O Qxe5 19. Rh4 Bxf4+ 20. Qxf4 Qxf4+ 21.
Rxf4 f5 22. Rg1 Nc5 23. Be2 Bd7 24. Bf3 Nd3+ 25. Kd2 Nxf4 26. Ke3 Ng6 27. Kd4
Nh4 28. Ke3 Nxf3 29. Kxf3 e5 30. g3 f4 31. g4 Rg5 32. c4 dxc4 33. Ke4 Bc6# 0-1

[Event "Druzynowe Mistrzostwa Polski Juniorow 2019 - II Liga"]
[Site "Szczyrk"]
[Date "1899-12-30"]
[Round "10.94"]
[White "Tomkiewicz, Szymon"]
[Black "Chrobot, Tomasz"]
[Result "1/2-1/2"]
[WhiteTitle "II"]
[BlackTitle "III"]
[WhiteElo "1092"]
[BlackElo "1246"]

1. e4 e5 2. Nf3 Nc6 3. d4 exd4 4. Nxd4 Bc5 5. Be3 Qf6 6. c3 Nge7 7. Qd2 d5 8. Bb5
Bd7 9. exd5 Nxd5 10. Nxc6 Nxe3 11. fxe3 Bxc6 12. Bxc6+ Qxc6 13. O-O O-O 14. Kh1
Rad8 15. Qe2 Rfe8 16. Qc4 Qd5 17. Qf4 Re7 18. c4 Bxe3 19. Qxe3 Rxe3 20. cxd5 Rxd5
21. Nc3 Rd2 22. Rad1 Red3 23. Rxd2 Rxd2 24. Rd1 Rxd1+ 25. Nxd1 f5 26. Kg1 Kf7
27. Kf2 Ke6 28. Ke3 Ke5 29. Nc3 c6 30. b4 g5 31. a4 b6 32. g3 h5 33. Ne2 Kd5 34.
Nd4 f4+ 35. gxf4 gxf4+ 36. Kd3 c5 37. bxc5 bxc5 38. Nb5 a5 39. h4 Ke5 40. Ke2
Kd5 41. Kf3 Kc4 42. Kxf4 Kb4 43. Ke4 Kxa4 44. Nc3+ Kb3 45. Kd3 c4+ 46. Kd4 Kb4
47. Nd5+ Kb3 48. Nc3 Kb4 1/2-1/2

[Event "Druzynowe Mistrzostwa Polski Juniorow 2019 - II Liga"]
[Site "Szczyrk"]
[Date "1899-12-30"]
[Round "10.95"]
[White "Matyjasek, Michalina"]
[Black "Mazurek, Maja"]
[Result "1-0"]
[WhiteTitle "I"]
[BlackTitle "I"]
[WhiteElo "1323"]
[BlackElo "1294"]

1. d4 d5 2. c4 c6 3. Nf3 Nf6 4. e3 Bg4 5. Nbd2 e6 6. b3 Bb4 7. a3 Qa5 8. Bb2 Bxd2+
9. Qxd2 Qb6 10. Qb4 Qxb4+ 11. axb4 Bf5 12. c5 Nbd7 13. b5 O-O 14. Be2 h6 15. O-O
Rfb8 16. Ra3 cxb5 17. Bxb5 a6 18. Rfa1 Rc8 19. Be2 Rab8 20. b4 Ne8 21. b5 axb5
22. Bxb5 Ndf6 23. Ne5 Nc7 24. Bf1 Ra8 25. Rb3 Rxa1 26. Bxa1 Rb8 27. Nc6 Ra8 28.
Ne7+ Kf8 29. Nxf5 exf5 30. Bb2 Rb8 31. Ba3 Ke8 32. f3 Nd7 33. Bd3 g6 34. Kf2 b6
35. c6 Nf6 36. Bc5 Na8 37. Ba6 Nc7 38. Bd3 h5 39. Rxb6 Rxb6 40. Bxb6 Kd8 41. g3
Kc8 42. Ke2 Kb8 43. Kd2 Kc8 44. Kc3 Nfe8 45. Kb4 Ne6 46. e4 fxe4 47. fxe4 N8c7
48. Bxc7 Kxc7 49. exd5 Nxd4 50. Kc4 Nf3 51. h3 Ne5+ 52. Kd4 Nf3+ 53. Kc5 Ne5 54.
Be4 f5 55. d6+ Kc8 56. Bd5 Nd3+ 57. Kb6 Ne5 58. Be6+ Kd8 59. c7+ 1-0

[Event "Druzynowe Mistrzostwa Polski Juniorow 2019 - II Liga"]
[Site "Szczyrk"]
[Date "1899-12-30"]
[Round "10.96"]
[White "Futyma, Klaudia"]
[Black "Zajac, Aleksandra"]
[Result "0-1"]
[WhiteTitle "II"]
[BlackTitle "II"]
[WhiteElo "1000"]
[BlackElo "1136"]

1. e4 e5 2. Nf3 Nc6 3. Bb5 a6 4. Bxc6 dxc6 5. O-O Bg4 6. d3 Bc5 7. Qe2 h6 8. Be3
Bd6 9. Re1 Qf6 10. Nbd2 g5 11. h3 Bh5 12. Nf1 Bxf3 13. Qxf3 Qxf3 14. gxf3 O-O-O
15. c4 Bb4 16. Red1 Ne7 17. a3 Ba5 18. b4 Bb6 19. Bxb6 cxb6 20. a4 Kc7 21. b5
Ng6 22. Kh2 Nf4 23. Ra3 Rd7 24. bxa6 bxa6 25. Rb3 Rb8 26. Ne3 Ne2 27. Nf5 h5 28.
Rb2 Nc3 29. Ra1 Rbd8 30. Kg2 Rxd3 31. Ng3 h4 32. Ne2 Nxe2 33. Rxe2 Rc3 34. a5
Rxc4 35. axb6+ Kb7 36. Rea2 Ra8 37. Rb2 a5 38. Rb3 Rb4 39. Rd3 Rd4 40. Rb3 f6
41. Rc3 Kxb6 42. Rac1 Rd6 43. Rb1+ Kc7 44. Rc5 Ra6 45. Rb2 Rd8 46. Ra2 Rda8 47.
Ra3 a4 48. Rc4 Kb6 49. Rcc3 Kb5 50. Rd3 c5 51. Kf1 Rb8 52. Ke2 Rbb6 53. Rdc3 Rd6
54. Ke3 Rd4 55. Ke2 Rc4 56. Kd3 Rxc3+ 57. Rxc3 Rd6+ 58. Kc2 Kb4 59. Re3 c4 60.
Kb2 Rd2+ 61. Ka1 c3 62. Re1 a3 63. Rb1+ Rb2 64. f4 Rxb1+ 65. Kxb1 Kb3 66. f5 a2+
67. Kc1 a1=Q# 0-1

[Event "Druzynowe Mistrzostwa Polski Juniorow 2019 - II Liga"]
[Site "Szczyrk"]
[Date "1899-12-30"]
[Round "10.97"]
[White "Grzegorski, Michal"]
[Black "Derylo, Kamil"]
[Result "0-1"]
[WhiteTitle "I"]
[BlackTitle "I+"]
[WhiteElo "1763"]
[BlackElo "2030"]

1. e4 d6 2. d4 Nf6 3. Nc3 Nbd7 4. f4 e5 5. dxe5 dxe5 6. fxe5 Nxe5 7. Qxd8+ Kxd8
8. Bg5 c6 9. Nf3 Bd6 10. O-O-O Kc7 11. h3 Nh5 12. Ne2 Re8 13. Nfd4 h6 14. Bd2
Nc4 15. Nf5 Bxf5 16. exf5 Nxd2 17. Rxd2 Ng3 18. Rxd6 Nxe2+ 19. Bxe2 Kxd6 20. Bc4
Ke7 21. g4 Kf6 22. h4 Re7 23. Rg1 Rd8 24. Bd3 g5 25. fxg6 fxg6 26. h5 g5 27. Rf1+
Kg7 28. b3 Rf8 29. Rd1 Rd8 30. Rf1 a6 31. a4 b5 32. axb5 axb5 33. Kb2 Ra8 34.
Rd1 b4 35. Bf5 Rea7 36. Rd6 Ra1 37. Rg6+ Kf8 38. Rf6+ Ke7 39. Re6+ Kf7 0-1

[Event "Druzynowe Mistrzostwa Polski Juniorow 2019 - II Liga"]
[Site "Szczyrk"]
[Date "1899-12-30"]
[Round "10.98"]
[White "Derylo, Adam"]
[Black "Klaska, Szymon"]
[Result "0-1"]
[WhiteTitle "I"]
[BlackTitle "III"]
[WhiteElo "1460"]
[BlackElo "1332"]

1. e4 c5 2. Nf3 d6 3. d4 cxd4 4. Nxd4 Nf6 5. Nc3 g6 6. Be3 Bg7 7. f3 Nc6 8. Qd2
Nxd4 9. Bxd4 O-O 10. O-O-O Be6 11. g4 Qa5 12. Kb1 Rfc8 13. h4 b5 14. b3 Nxg4 15.
Bxg7 Kxg7 16. Nxb5 Qxd2 17. Rxd2 Nf6 18. Nd4 Bd7 19. Bc4 Rab8 20. Rg2 Rxc4 21.
Nf5+ Bxf5 22. exf5 Nh5 23. Re1 Kf6 24. fxg6 hxg6 25. Rge2 Rb7 26. Re4 Rxe4 27.
Rxe4 e5 28. b4 d5 29. Rg4 Nf4 30. a3 Kf5 31. Rg5+ Ke6 32. Kb2 e4 33. fxe4 dxe4
34. c4 e3 35. Kc2 e2 36. Kd2 Rd7+ 0-1

[Event "Druzynowe Mistrzostwa Polski Juniorow 2019 - II Liga"]
[Site "Szczyrk"]
[Date "1899-12-30"]
[Round "10.99"]
[White "Franek, Diana"]
[Black "Derylo, Maksymilian"]
[Result "1/2-1/2"]
[WhiteTitle "I"]
[BlackTitle "II"]
[WhiteElo "1318"]
[BlackElo "1357"]

1. e4 e5 2. Nf3 Nc6 3. Bc4 Nf6 4. Nc3 Bc5 5. d3 d6 6. h3 Qe7 7. Be3 Bxe3 8. fxe3
Be6 9. Bb3 Bxb3 10. axb3 Rd8 11. Nd5 Nxd5 12. exd5 Nb4 13. e4 Na6 14. O-O O-O
15. Qd2 Ra8 16. b4 Qd7 17. c3 Qb5 18. Ra5 Qb6+ 19. Qf2 Nc5 20. Nxe5 Nxe4 21. dxe4
Qxf2+ 22. Rxf2 dxe5 23. Rf1 Rfd8 24. Rfa1 a6 25. b5 Rd6 26. c4 Kf8 27. Kf2 Ke7
28. c5 Rf6+ 29. Ke3 Rg6 30. Kf3 Rf6+ 31. Kg3 Rf4 32. R5a4 Kd7 33. bxa6 Rxa6 34.
c6+ Ke7 35. d6+ cxd6 36. cxb7 Rb6 37. Ra7 Ke6 38. Rc1 Rxe4 39. Rc7 Reb4 40. Rxf7
g5 41. Rxh7 Rxb2 42. Re7+ Kd5 1/2-1/2

[Event "Druzynowe Mistrzostwa Polski Juniorow 2019 - II Liga"]
[Site "Szczyrk"]
[Date "1899-12-30"]
[Round "10.100"]
[White "Zhydachevskyy, Yulian"]
[Black "Rosinski, Filip"]
[Result "1-0"]
[WhiteTitle "II"]
[BlackTitle "II"]
[WhiteElo "1292"]
[BlackElo "1375"]

1. e4 c5 2. Nf3 d6 3. d4 cxd4 4. Nxd4 Nf6 5. Nc3 a6 6. f3 e5 7. Nb3 Be6 8. Be3
Nbd7 9. Be2 Qc7 10. O-O Be7 11. Rc1 Nb6 12. Bxb6 Qxb6+ 13. Kh1 O-O 14. Nd5 Bxd5
15. exd5 Nh5 16. g3 g6 17. f4 Ng7 18. Bd3 exf4 19. gxf4 Bf6 20. c3 Rae8 21. Rf3
Bh4 22. Qg1 Qd8 23. Nd4 f5 24. Rff1 Re7 25. Nf3 Bf6 26. Rfe1 Nh5 27. Bxf5 Nxf4
28. Be6+ Nxe6 29. dxe6 Qc8 30. Qg4 Qc6 31. Qe4 Qb5 32. Re2 Qh5 33. Rf1 Qh3 34.
Ref2 Rfe8 35. Ng1 Qh4 36. Rf4 Rxe6 37. Rxh4 Rxe4 38. Rxe4 Rxe4 39. Rxf6 d5 40.
Rd6 Re5 41. Rd7 b5 42. Ra7 Re6 43. Rd7 Re5 44. Rd6 a5 45. Rb6 1-0

[Event "Druzynowe Mistrzostwa Polski Juniorow 2019 - II Liga"]
[Site "Szczyrk"]
[Date "1899-12-30"]
[Round "10.101"]
[White "Piotrowska, Florentyna"]
[Black "Laszczuk, Zuzanna"]
[Result "0-1"]
[WhiteTitle "I"]
[BlackTitle "I"]
[WhiteElo "1278"]
[BlackElo "1323"]

1. e4 g6 2. d4 Bg7 3. Nf3 d6 4. Be3 Nd7 5. c3 e5 6. dxe5 dxe5 7. Bd3 Ngf6 8. O-O
O-O 9. h3 h6 10. Bc2 Nh7 11. Qd2 g5 12. Rd1 Qf6 13. Qe2 Qg6 14. Qc4 c6 15. Bc5
Nxc5 16. Qxc5 Re8 17. Nbd2 g4 18. hxg4 Bxg4 19. Rf1 Bh3 20. Ne1 Ng5 21. Qe3 Be6
22. Kh2 Qh5+ 23. Kg1 Kh8 24. Ndf3 Bf6 25. Nxg5 Bxg5 26. Bd1 Qg6 27. Qf3 Rg8 28.
Nd3 Bf4 29. Nxf4 exf4 30. g3 fxg3 31. fxg3 Qxg3+ 32. Qxg3 Rxg3+ 33. Kf2 Rag8 34.
Bf3 Rh3 35. Ke3 Bg4 36. Rf2 Bxf3 37. Rxf3 Rgg3 38. Rxg3 Rxg3+ 39. Kf2 Rh3 40.
Rg1 Rh2+ 41. Rg2 Rxg2+ 42. Kxg2 Kg7 43. Kg3 Kg6 0-1

[Event "Druzynowe Mistrzostwa Polski Juniorow 2019 - II Liga"]
[Site "Szczyrk"]
[Date "1899-12-30"]
[Round "10.102"]
[White "Majewska, Zuzanna"]
[Black "Jedrzejewska, Zuzanna"]
[Result "0-1"]
[WhiteTitle "II"]
[BlackTitle "I"]
[WhiteElo "1000"]
[BlackElo "1189"]

1. e4 c5 2. Nf3 d6 3. d4 cxd4 4. Nxd4 Nf6 5. Nc3 a6 6. Bg5 e6 7. Bc4 Be7 8. Qf3
O-O 9. h3 Qc7 10. Bb3 Nc6 11. Nxc6 Qxc6 12. O-O-O b5 13. a3 Bb7 14. Rhe1 a5 15.
h4 b4 16. axb4 axb4 17. Nb1 Rfe8 18. g4 Nxe4 19. Bxe7 Rxe7 20. g5 d5 21. Rg1 Nc5
22. h5 Nxb3+ 23. Qxb3 Qc4 24. Qxc4 dxc4 25. Rde1 Rd7 26. Rd1 Rxd1+ 27. Rxd1 Bf3
28. Rd4 Rc8 29. Nd2 Bd5 30. h6 g6 31. Kd1 Kf8 32. Ke2 Ke7 33. Ne4 Bxe4 34. Rxe4
f6 35. f4 Rc7 36. Rd4 fxg5 37. fxg5 Rc8 38. Rf4 Rc5 39. Kf3 Rf5 40. Rxf5 exf5
41. Ke3 Ke6 42. Kd4 f4 43. Kxc4 Kf5 44. Kd3 Kxg5 45. Ke2 Kf5 46. c4 bxc3 47. bxc3
Ke5 48. Kf3 g5 49. c4 Kd4 50. Kg4 Kxc4 51. Kxg5 f3 52. Kf6 f2 53. Kg7 f1=Q 54.
Kxh7 Qf7+ 55. Kh8 Kd5 56. h7 Qf8# 0-1

[Event "Druzynowe Mistrzostwa Polski Juniorow 2019 - II Liga"]
[Site "Szczyrk"]
[Date "1899-12-30"]
[Round "10.103"]
[White "Marczak, Szymon"]
[Black "Michalowski, Patryk"]
[Result "1-0"]
[WhiteTitle "I++"]
[BlackTitle "I"]
[WhiteElo "1857"]
[BlackElo "1674"]

1. e4 c5 2. Nf3 Nc6 3. Bb5 g6 4. Bxc6 dxc6 5. h3 Bg7 6. d3 Qc7 7. O-O e5 8. a4
a5 9. Be3 b6 10. Qd2 Ba6 11. Na3 Rd8 12. b3 Nf6 13. Qc1 O-O 14. Nc4 Nd7 15. Bh6
Rfe8 16. Bxg7 Kxg7 17. Nh2 Nf8 18. Ng4 Bc8 19. Qh6+ Kh8 20. f4 Bxg4 21. hxg4 exf4
22. Qxf4 Qxf4 23. Rxf4 Nd7 24. Rxf7 Rf8 25. Raf1 Kg8 26. Re7 Nf6 27. Re6 Nxg4
28. Rxf8+ Rxf8 29. Rxc6 Rf2 30. Ne3 Ne5 31. Kxf2 Nxc6 32. Nd5 Nd4 33. Nxb6 Nxc2
34. Nd7 Nb4 35. Nxc5 Kf7 36. Ke3 Ke7 37. Nb7 g5 38. Nxa5 h5 39. Nc4 Ke6 40. a5
h4 41. Kf3 1-0

[Event "Druzynowe Mistrzostwa Polski Juniorow 2019 - II Liga"]
[Site "Szczyrk"]
[Date "1899-12-30"]
[Round "10.104"]
[White "Twardowski, Jakub"]
[Black "Gabzdyl, Mateusz"]
[Result "0-1"]
[WhiteTitle "III"]
[BlackTitle "II"]
[WhiteElo "1000"]
[BlackElo "1222"]

1. e4 c5 2. Nf3 e6 3. Nc3 a6 4. Bc4 b5 5. Bd3 Nc6 6. b3 Qc7 7. Bb2 Nf6 8. O-O Be7
9. h3 Bb7 10. Ne2 Na5 11. Nh2 O-O 12. Ng3 c4 13. Be2 Nxe4 14. Nxe4 Bxe4 15. d3
cxd3 16. Bxd3 Bxd3 17. cxd3 Nc6 18. Rc1 Qd6 19. Re1 Rac8 20. Re3 Bg5 21. Rg3 f6
22. Rc2 Bf4 23. Qg4 Bxg3 24. fxg3 Qxd3 25. Rc1 Ne5 26. Rd1 Qe3+ 27. Kf1 Nxg4 28.
Bd4 Nxh2# 0-1